Comparison of application time of urea fertilizer on bunching onion in kean svay district, kandal province; ប្រៀបធៀបពេលវេលាក្នុងការប្រើប្រាស់ជីអ៊ុយរ៉េលើដំណាំខ្ទឹមស្លឹក នៅស្រុកកៀនស្វាយ ខេត្តកណ្ដាល (Record no. 10719)
[ view plain ]
| 000 -LEADER | |
|---|---|
| fixed length control field | 00756nam a22001577a 4500 |
| 003 - CONTROL NUMBER IDENTIFIER | |
| control field | OSt |
| 005 - DATE AND TIME OF LATEST TRANSACTION | |
| control field | 20161104095519.0 |
| 008 - FIXED-LENGTH DATA ELEMENTS--GENERAL INFORMATION | |
| fixed length control field | 161104b xxu||||| |||| 00| 0 eng d |
| 040 ## - CATALOGING SOURCE | |
| Transcribing agency | RUA |
| 082 ## - DEWEY DECIMAL CLASSIFICATION NUMBER | |
| Classification number | AGR TAI 2015 B520 Or.1 |
| 100 ## - MAIN ENTRY--PERSONAL NAME | |
| 9 (RLIN) | 11147 |
| Personal name | TAING SOPHAL; តាំង សុផល |
| 245 ## - TITLE STATEMENT | |
| Title | Comparison of application time of urea fertilizer on bunching onion in kean svay district, kandal province; ប្រៀបធៀបពេលវេលាក្នុងការប្រើប្រាស់ជីអ៊ុយរ៉េលើដំណាំខ្ទឹមស្លឹក នៅស្រុកកៀនស្វាយ ខេត្តកណ្ដាល |
| 260 ## - PUBLICATION, DISTRIBUTION, ETC. (IMPRINT) | |
| Place of publication, distribution, etc. | Phnom Penh |
| Name of publisher, distributor, etc. | TAI |
| Date of publication, distribution, etc. | 2015 |
| 300 ## - PHYSICAL DESCRIPTION | |
| Extent | x;41p. |
| Other physical details | ill. |
| Dimensions | 29cm. |
| 942 ## - ADDED ENTRY ELEMENTS (KOHA) | |
| Source of classification or shelving scheme | |
| Koha item type | AGR |
No items available.